A legnagyobb szám legnagyobb boldogsága Bentham kritériumának értelmezése /

Elmentve itt :
Bibliográfiai részletek
Szerző: Tóth Viktória
További közreműködők: Bentham Jeremy
Széchenyi István
Wesselényi Miklós
Dokumentumtípus: Cikk
Megjelent: 1993
Sorozat:Tiszatáj 47 No. 9
Kulcsszavak:Eszmetörténet - utilitarizmus - 19. sz. - Magyarország, Jeremy Bentham, Széchenyi István
Online Access:http://tiszataj.bibl.u-szeged.hu/15411
LEADER 00802nab a2200217 i 4500
001 tisza15411
005 20200330153847.0
008 170308s1993 hu o 0|| hun d
022 |a 0133-1167 
040 |a SZTE Tiszatáj Archívum  |b hun 
041 |a hun 
100 1 |a Tóth Viktória 
245 1 2 |a A legnagyobb szám legnagyobb boldogsága   |h [elektronikus dokumentum] :  |b Bentham kritériumának értelmezése /  |c  Tóth Viktória 
260 |c 1993 
300 |a 75-79 
490 0 |a Tiszatáj  |v 47 No. 9 
695 |a Eszmetörténet - utilitarizmus - 19. sz. - Magyarország, Jeremy Bentham, Széchenyi István 
700 0 1 |a Bentham Jeremy 
700 0 1 |a Széchenyi István 
700 0 1 |a Wesselényi Miklós 
856 4 0 |u http://tiszataj.bibl.u-szeged.hu/15411/1/tiszataj_1993_009_075-079.pdf  |z Dokumentum-elérés